• 首页
  • 本馆介绍
  • 公告通知
  • 最新文献
  • 馆藏检索
  • 电子资源
  • 读者导购
  • 参考咨询
  • 我的图书馆
  • 登录
  • 详细信息显示
  • 放入我的书架
  • 预约/预借图书
  • 作者相关作品
  • 分类相关作品
  • 丛书相关作品
  • 出版社相关作品

书目信息

  • 表格格式
  • 工作单格式
  • 卡片格式
题名:
麻省理工学院
    
 
作者: 彭小云 主编
分册:  
出版信息: 北京   军事谊文出版社  2007.02
页数: 123页
开本: 22cm
丛书名: 世界名校故事
单 册:
中图分类: G649.712.8
科图分类:
主题词:
电子资源:
ISBN: 978-7-80150-603-0
000 00875oam2 2200277 450
001 003477164
005 20070725123455.0
010    @a978-7-80150-603-0@dCNY26.80@z7-80150-603-0
100    @a20070327d2007 em y0chiy0110 ea
101 0  @achi
102    @aCN@b110000
105    @aa z 000yd
106    @ar
200 1  @a麻省理工学院@Ama sheng li gong xue yuan@f彭小云主编
210    @a北京@c军事谊文出版社@d2007.02
215    @a123页@c照片,图@d22cm
225 2  @a世界名校故事@v15
330    @a本书介绍了美国著名大学麻省理工学院的发展历程,讲述了具有突出贡献的、鲜为人知的人物求学故事。
461  0 @12001 @a世界名校故事@v15
601 02 @a麻省理工学院@x概况
601 02 @a麻省理工学院
690    @aG649.712.8@v4
701  0 @a彭小云@Apeng xiao yun@4主编
801    @aCN@b军事交通学院图书馆@c20080121
905   @aBZT@dG649.712.8@e12@f8
906    @dCNY26.80@n0@r1
    
    麻省理工学院/彭小云主编.-北京:军事谊文出版社,2007.02
    123页:照片,图;22cm.-(世界名校故事;15)
    
    
    ISBN 978-7-80150-603-0:CNY26.80
    本书介绍了美国著名大学麻省理工学院的发展历程,讲述了具有突出贡献的、鲜为人知的人物求学故事。
●
相关链接 在五车中查询图书 在当当中查询图书 在豆瓣中查询图书


正题名:麻省理工学院     索取号:G649.712.8/12         预约/预借

序号 登录号 条形码 馆藏地/架位号 状态 备注
1 746837   2000746837   中心书库北库/ 北库027架B面5列2层26/ [索取号:G649.712.8/12] 在馆    
2 746838   2000746838   中心书库北库/ 北库027架B面5列2层29/ [索取号:G649.712.8/12] 在馆    
3 746839   2000746839   中心书库北库/ 北库027架B面5列2层27/ [索取号:G649.712.8/12] 在馆    
4 746840   2000746840   中心书库北库/ 北库027架B面5列2层31/ [索取号:G649.712.8/12] 在馆    
5 746841   2000746841   中心书库北库/ 北库027架B面5列2层30/ [索取号:G649.712.8/12] 在馆    
6 746842   2000746842   中心书库北库/ 北库027架B面5列2层28/ [索取号:G649.712.8/12] 在馆    
7 746843   2000746843   中心书库北库/ 北库027架B面5列2层33/ [索取号:G649.712.8/12] 在馆    
8 746844   2000746844   中心书库北库/ 北库027架B面5列2层32/ [索取号:G649.712.8/12] 在馆    
山东省滨州职业学院图书馆 欢迎您!
大连网信软件有限公司© 版权所有